书目信息 |
| 题名: |
现代公共关系学
|
|
| 作者: | 何修猛 编著 | |
| 分册: | ||
| 出版信息: | 上海 复旦大学出版社 2007.03 |
|
| 页数: | 272页 | |
| 开本: | 26cm | |
| 丛书名: | 复旦卓越·21世纪管理学系列 | |
| 单 册: | ||
| 中图分类: | C912.3 | |
| 科图分类: | ||
| 主题词: | 公共关系学--gong gong guan xi xue | |
| 电子资源: | ||
| ISBN: | 978-7-309-05402-6 | |
| 000 | 01102nam 2200265 450 | |
| 001 | 012008164194 | |
| 005 | 20181218103430.67 | |
| 010 | @a978-7-309-05402-6@dCNY35.00 | |
| 100 | @a20080523d2007 em y0chiy0120 ea | |
| 101 | 0 | @achi |
| 102 | @aCN@b310000 | |
| 105 | @ay a 000yy | |
| 200 | 1 | @a现代公共关系学@Axian dai gong gong guan xi xue@f何修猛编著@Fhe xiu meng bian zhu |
| 205 | @a第2版 | |
| 210 | @a上海@c复旦大学出版社@d2007.03 | |
| 215 | @a272页@d26cm | |
| 225 | 2 | @a复旦卓越·21世纪管理学系列@Afu dan zhuo yue·21 shi ji guan li xue xi lie |
| 320 | @a有书目 | |
| 330 | @a本书围绕品牌形象的塑造,从理念层面阐述了现代公共关系的本质、基本结构和发展趋势,从操作层面分析了公共关系的运作程序,从技巧层面阐述了公共关系的接待策略、交往策略、宣传策略、服务策略、文化策略、危机管理策略、促销策略,其中渗透介绍了大量实用的公共关系技巧,介绍了经典公共关系案例。 | |
| 410 | 0 | @12001 @a复旦卓越·21世纪管理学系列 |
| 606 | 0 | @a公共关系学@Agong gong guan xi xue |
| 690 | @aC912.3@v4 | |
| 701 | 0 | @a何修猛@Ahe xiu meng@4编著 |
| 801 | 0 | @aCN@bQSSK@c20080523 |
| 905 | @b713244-46@dC912.3@eH214@f3 | |
| 现代公共关系学/何修猛编著.-第2版.-上海:复旦大学出版社,2007.03 |
| 272页;26cm.-(复旦卓越·21世纪管理学系列) |
| ISBN 978-7-309-05402-6:CNY35.00 |
| 本书围绕品牌形象的塑造,从理念层面阐述了现代公共关系的本质、基本结构和发展趋势,从操作层面分析了公共关系的运作程序,从技巧层面阐述了公共关系的接待策略、交往策略、宣传策略、服务策略、文化策略、危机管理策略、促销策略,其中渗透介绍了大量实用的公共关系技巧,介绍了经典公共关系案例。 |
| ● |
| 相关链接 |
|
|
|
正题名:现代公共关系学
索取号:C912.3/H214
 
预约/预借
| 序号 | 登录号 | 条形码 | 馆藏地/架位号 | 状态 | 备注 |
| 1 | 1301288 | 213012880 | 社科库509/509社科库 59排1列2层/ [索取号:C912.3/H214] | 在馆 | |
| 2 | 713244 | 207132440 | 社科库509/509社科库 59排1列2层/ [索取号:C912.3/H214] | 在馆 | |
| 3 | 713245 | 207132459 | 社科库509/509社科库 59排1列2层/ [索取号:C912.3/H214] | 在馆 | |
| 4 | 713246 | 207132468 | 社科库509/509社科库 59排1列2层/ [索取号:C912.3/H214] | 在馆 |